00626ntaaa2200193 45000030003000000050017000030080021000200400037000410820017000781000019000952450123001142500010002372600056002473000011003036500031003147000022003457000036003677000029004030120251027201006.00714s1973 ag 01  aAR-BaBNbspacAR-BaBNeaacrdRIC a230.098 T26t aLehmann, Karl  aTeología de la liberación / cKarl Lehmann, Heinz Schurmann, Olegario Gonzalez de Cardedal, Hans Urs von Balthasar a1 ed. aMadrid : bBiblioteca de Autores Cristianos, c1978 a210 p. aTeología Contemporánea aSchurmann, Heinz  aGonzalez de Cardedal, Olegario  aBalthasar, Hans Urs von